Statistics for Czechia First Level Subdivisions

Click here to take the quiz!

General Stats

  • This quiz has been taken 187 times
  • The average score is 7 of 14

Answer Stats

Krajů% Correct
Prague
96%
Liberec
59%
Plzeň
59%
Zlín
55%
Karlovy Vary
54%
Olomouc
48%
South Bohemian
45%
Central Bohemian
44%
Ústí nad Labem
44%
Hradec Králové
40%
Pardubice
40%
Vysočina
40%
South Moravian
35%
Moravian-Silesian
28%

Score Distribution

Percentile by Number Answered

Percent of People with Each Score

Your Score History

You have not taken this quiz